Krocení bohů : náboženství a demokracie na třech kontinentech / Ian Buruma ; [z anglického originálu ... přeložil Daniel Micka]
Mezi organizovaným náboženstvím a liberální demokracií přetrvává napětí, říká autor studie a pokouší se přijít na to, jak byla demokracie v různých kulturách tímto napětím poznamenaná k lepšímu či horšímu. Text sestává ze tří částí. První je o vztazích církve a státu v Evropě a ve Spojených státech, druhá o náboženské autoritě v Číně a Japonsku a třetí o tom, co znamená pro současnou Evropu islám. Motivem zkoumání je otázka: co je potřeba, kromě svobody projevu a práva volit, abychom demokratickou společnost udrželi pohromadě? Stačí právní stát a respektování zákonů, nebo potřebujeme společné hodnoty, etiku, zvyky? A jakou roli má v tom všem náboženství - pomáhá, nebo překáží liberální demokracii?
Vztah mezi církví a státem, neboli mezi náboženskou a světskou mocí jako klíč k pochopení současného světa.
Record details
- ISBN: 978-80-200-2040-6 (váz.)
- Physical Description: 121 s. ; 19 cm
- Edition: Vyd. 1.
- Publisher: Praha : Academia, 2012
Content descriptions
| Bibliography, etc. Note: | Obsahuje bibliografické odkazy |
Search for related items by subject
| Genre: | monografie monographs |
Search for related items by series
Available copies
- 1 of 1 copy available at Common Catalog SPOK.
Holds
- 0 current holds with 1 total copy.
Show Only Available Copies
| Location | Call Number / Copy Notes | Barcode | Shelving Location | Status | Due Date |
|---|---|---|---|---|---|
| Jabok Library | Soc-5.3 | 424480027812 | Odborná literatura | Available | - |
Electronic resources
Version of Resource: Obsah knihy
| LDR | 04768nam a2201069 a 4500 | ||
|---|---|---|---|
| 001 | 17149 | ||
| 003 | CZ-PrJAB | ||
| 005 | 20150420104659.0 | ||
| 007 | ta | ||
| 008 | 111213s2012 xr e 000 0 cze | ||
| 015 | . | ‡acnb002265665 | |
| 020 | . | ‡a978-80-200-2040-6 (váz.) | |
| 035 | . | ‡a(CONS)17149 | |
| 035 | . | ‡a(CZ PrSKC)nkc20112265665 | |
| 035 | . | ‡a(OCoLC)794207604 | |
| 040 | . | ‡aABA001 ‡bcze | |
| 041 | 1 | . | ‡acze ‡heng |
| 043 | . | ‡ae------ ‡an-us--- ‡aa-ja--- ‡aa-cc--- | |
| 072 | 7. | ‡a322 ‡xPolitika a náboženství. Vztahy mezi církví a státem ‡2Konspekt ‡915 | |
| 080 | . | ‡a321.7+342.34 ‡2MRF | |
| 080 | . | ‡a2-1 ‡2MRF | |
| 080 | . | ‡a322 ‡2MRF | |
| 080 | . | ‡a2-67 ‡2MRF | |
| 080 | . | ‡a(4) ‡2MRF | |
| 080 | . | ‡a(73) ‡2MRF | |
| 080 | . | ‡a(520) ‡2MRF | |
| 080 | . | ‡a(510) ‡2MRF | |
| 080 | . | ‡a(048.8) ‡2MRF | |
| 100 | 1 | . | ‡aBuruma, Ian, ‡d1951- ‡7mzk2005286715 ‡4aut |
| 245 | 1 | 0. | ‡aKrocení bohů : ‡bnáboženství a demokracie na třech kontinentech / ‡cIan Buruma ; [z anglického originálu ... přeložil Daniel Micka] |
| 246 | 3 | 0. | ‡aNáboženství a demokracie na třech kontinentech |
| 250 | . | ‡aVyd. 1. | |
| 260 | . | ‡aPraha : ‡bAcademia, ‡c2012 | |
| 300 | . | ‡a121 s. ; ‡c19 cm | |
| 490 | 1 | . | ‡aXXI. století ; ‡vsv. 15 |
| 504 | . | ‡aObsahuje bibliografické odkazy | |
| 520 | 9 | . | ‡aMezi organizovaným náboženstvím a liberální demokracií přetrvává napětí, říká autor studie a pokouší se přijít na to, jak byla demokracie v různých kulturách tímto napětím poznamenaná k lepšímu či horšímu. Text sestává ze tří částí. První je o vztazích církve a státu v Evropě a ve Spojených státech, druhá o náboženské autoritě v Číně a Japonsku a třetí o tom, co znamená pro současnou Evropu islám. Motivem zkoumání je otázka: co je potřeba, kromě svobody projevu a práva volit, abychom demokratickou společnost udrželi pohromadě? Stačí právní stát a respektování zákonů, nebo potřebujeme společné hodnoty, etiku, zvyky? A jakou roli má v tom všem náboženství - pomáhá, nebo překáží liberální demokracii? |
| 520 | 9 | . | ‡aVztah mezi církví a státem, neboli mezi náboženskou a světskou mocí jako klíč k pochopení současného světa. |
| 650 | 0 | 7. | ‡ademokracie ‡7ph117182 ‡xnáboženské aspekty ‡2czenas |
| 650 | 0 | 7. | ‡astát a církev ‡7ph116308 ‡2czenas |
| 650 | 0 | 7. | ‡anáboženství a politika ‡7ph115486 ‡zEvropa ‡2czenas |
| 650 | 0 | 7. | ‡anáboženství a politika ‡7ph115486 ‡zSpojené státy americké ‡2czenas |
| 650 | 0 | 7. | ‡anáboženství a politika ‡7ph115486 ‡zJaponsko ‡2czenas |
| 650 | 0 | 7. | ‡anáboženství a politika ‡7ph115486 ‡zČína ‡2czenas |
| 650 | 0 | 9. | ‡ademocracy ‡xreligious aspects ‡2eczenas |
| 650 | 0 | 9. | ‡achurch and state ‡2eczenas |
| 650 | 0 | 9. | ‡areligion and politics ‡zEurope ‡2eczenas |
| 650 | 0 | 9. | ‡areligion and politics ‡zUnited States ‡2eczenas |
| 650 | 0 | 9. | ‡areligion and politics ‡zJapan ‡2eczenas |
| 650 | 0 | 9. | ‡areligion and politics ‡zChina ‡2eczenas |
| 655 | 7. | ‡amonografie ‡7fd132842 ‡2czenas | |
| 655 | 9. | ‡amonographs ‡2eczenas | |
| 765 | 0 | . | ‡tTaming the gods ‡9Česky |
| 830 | 0. | ‡aXXI. století | |
| 856 | 4 | 1. | ‡uhttp://web.flu.cas.cz/scan/323505065.pdf ‡yObsah knihy |
| 910 | . | ‡aABG312 | |
| 901 | . | ‡a17149 ‡b ‡c17149 ‡tbiblio | |